Library of the University of Algiers 3
Ibrahim Sultan Cheibout
شعار جامعة الجزائر 3
مكتبة جامعة الجزائر 3
إبراهيم سلطان شيبوط

إندماج الشركات كظاهرة مستحدثة : (رقم التسجيلة. 46347)

تفاصيل مارك
000 -LEADER
fixed length control field 01052nam a2200241Ia 4500
003 - CONTROL NUMBER IDENTIFIER
control field Ost
005 - DATE AND TIME OF LATEST TRANSACTION
control field 20260507075803.0
008 - FIXED-LENGTH DATA ELEMENTS--GENERAL INFORMATION
fixed length control field 260507s9999||||xx |||||||||||||| ||und||
020 ## - INTERNATIONAL STANDARD BOOK NUMBER
International Standard Book Number 9789773792259
040 ## - CATALOGING SOURCE
Transcribing agency fsecg
041 ## - LANGUAGE CODE
Language code of text/sound track or separate title ara
082 ## - DEWEY DECIMAL CLASSIFICATION NUMBER
Classification number 338.86
100 ## - MAIN ENTRY--PERSONAL NAME
Personal name الأرياني، محمود صالح قائد
Relator term مؤلف
245 #0 - TITLE STATEMENT
Title إندماج الشركات كظاهرة مستحدثة :
Remainder of title دراسة مقارنة /
Statement of responsibility, etc. محمود صالح قائد الأرياني
260 ## - PUBLICATION, DISTRIBUTION, ETC.
Place of publication, distribution, etc. الاسكندرية :
Name of publisher, distributor, etc. دار الفكر الجامعي,
Date of publication, distribution, etc. 2013
300 ## - PHYSICAL DESCRIPTION
Extent 238 صفحة؛
Other physical details إيضاحات ؛
Dimensions 23 سم
504 ## - BIBLIOGRAPHY, ETC. NOTE
Bibliography, etc. note بيبليوغرافيا: ص ص.221-231
520 ## - SUMMARY, ETC.
Summary, etc. يضم تعريف الإندماج وصوره وتقديره، الطبيعة القانونية لاندماج الشركات، القواعد القانونية للإندماج آثار الاندماج.
653 ## - INDEX TERM--UNCONTROLLED
Uncontrolled term الشركات
653 ## - INDEX TERM--UNCONTROLLED
Uncontrolled term الشركات- اندماج
653 ## - INDEX TERM--UNCONTROLLED
Uncontrolled term الشركات- تنظيم وإدارة
942 ## - ADDED ENTRY ELEMENTS (KOHA)
Koha item type كتب
المقتنيات
Withdrawn status Lost status Source of classification or shelving scheme Damaged status Not for loan Home library Current library Date acquired Serial enumeration / chronology Inventory number Total checkouts Full call number Barcode Date last seen Price effective from Koha item type
    Library of Congress Classification   NOT LOAN / إعارة داخلية مكتبة كلية العلوم الإقتصادية والعلوم التجارية وعلوم التسيير مكتبة كلية العلوم الإقتصادية والعلوم التجارية وعلوم التسيير 07/05/2026 الطابق الأرضي 025.21/617   550/025.21ن01 025.21/617 07/05/2026 07/05/2026 كتب

موارد الويب المفتوحة


© University of Algiers 3 All Rights Reserved
|
Implemented by LECHELAH Riad